عرض عادي
عرض مارك
- هندسة الطيران
مدخل مصطلح موضوعي
001 - رقم الضبط
- حقل الضبط: 15652
003 - معرف رقم الضبط
- حقل الضبط: OSt
005 - تاريخ ووقت أخر عملية
- حقل الضبط: 20120609103326.0
008 - عناصر بيانات ثابتة الطول
- حقل تحكم ثابت الطول: 120609|||a|||||| | ||| d
040 ## - مصدر الفهرسة
- هيئة الفهرسة الأصلية: OSt
- وكالة الكتابة: OSt
150 ## - مدخل-- مصطلح تاريخي
- عنصر مدخل المصطلح الموضوعي او الاسم الجغرافي: هندسة الطيران
670 ## - بيانات المصدر موجوده
- الاستشهاد بالمصدر: Work cat.: (OSt): كولينسون، ر. ب. ج. 15625, مدخل إلى أنظمة إلكترونيات الطيران /, 2012
